Arctic Home in the Vedas: An Ignored Historical Classic (Record no. 227913)
[ view plain ]
| 000 -LEADER | |
|---|---|
| fixed length control field | 01180nam a22002537a 4500 |
| 005 - DATE AND TIME OF LATEST TRANSACTION | |
| control field | 20230718103217.0 |
| 008 - FIXED-LENGTH DATA ELEMENTS--GENERAL INFORMATION | |
| fixed length control field | 230717b ||||| |||| 00| 0 eng d |
| 020 ## - INTERNATIONAL STANDARD BOOK NUMBER | |
| International Standard Book Number | 8189297171 |
| 040 ## - CATALOGING SOURCE | |
| Transcribing agency | AL |
| 041 ## - LANGUAGE CODE | |
| Language code of text/sound track or separate title | English |
| 082 ## - DEWEY DECIMAL CLASSIFICATION NUMBER | |
| Edition number | 23 |
| Classification number | 294.5921 |
| Item number | TILA |
| 100 ## - MAIN ENTRY--PERSONAL NAME | |
| Personal name | Bal Gangadhar Tilak |
| 100 ## - MAIN ENTRY--PERSONAL NAME | |
| 9 (RLIN) | 127539 |
| 245 ## - TITLE STATEMENT | |
| Title | Arctic Home in the Vedas: An Ignored Historical Classic |
| 260 ## - PUBLICATION, DISTRIBUTION, ETC. | |
| Place of publication, distribution, etc. | Delhi |
| Name of publisher, distributor, etc. | Vijay Goel English Hindi Publisher |
| Date of publication, distribution, etc. | 2005 |
| 300 ## - PHYSICAL DESCRIPTION | |
| Extent | 190 p. |
| Other physical details | PB |
| Dimensions | 21x14 cm. |
| 520 ## - SUMMARY, ETC. | |
| Summary, etc. | Arctic Home In The Vedas ; An Ignored Historical Research (Hardcover) In this book Lokmanya Tilak applies the astronomical methodto lay to rest the controversy surrounding the origins of the Aryansand came to strikingly convincing conclusions -- that the Aryans lived in Polarregions which had a pleasant climate at that time. They shifted when the climate began tochange. The work in a significant contribution to Indian and world history. |
| 650 ## - SUBJECT ADDED ENTRY--TOPICAL TERM | |
| Topical term or geographic name entry element | Arctic Regions |
| 9 (RLIN) | 127252 |
| 650 ## - SUBJECT ADDED ENTRY--TOPICAL TERM | |
| Topical term or geographic name entry element | Vedas |
| 9 (RLIN) | 127253 |
| 650 ## - SUBJECT ADDED ENTRY--TOPICAL TERM | |
| Topical term or geographic name entry element | Literature |
| 9 (RLIN) | 127254 |
| 650 ## - SUBJECT ADDED ENTRY--TOPICAL TERM | |
| Topical term or geographic name entry element | Hindu civilization |
| 9 (RLIN) | 127255 |
| 650 ## - SUBJECT ADDED ENTRY--TOPICAL TERM | |
| Topical term or geographic name entry element | Indo-Aryans--Origin |
| 9 (RLIN) | 127256 |
| 700 ## - ADDED ENTRY--PERSONAL NAME | |
| Personal name | TILAK (Bal Gangadhar) |
| 9 (RLIN) | 127257 |
| 942 ## - ADDED ENTRY ELEMENTS (KOHA) | |
| Source of classification or shelving scheme | Dewey Decimal Classification |
| Koha item type | Donated Books |
| Withdrawn status | Lost status | Source of classification or shelving scheme | Damaged status | Not for loan | Collection code | Home library | Current library | Date acquired | Total Checkouts | Full call number | Barcode | Date last seen | Cost, replacement price | Price effective from | Koha item type | Public note |
|---|---|---|---|---|---|---|---|---|---|---|---|---|---|---|---|---|
| Dewey Decimal Classification | Others | St Aloysius Library | St Aloysius Library | 06/26/2023 | 294.5921 TILA | D05983 | 07/17/2023 | 125.00 | 07/17/2023 | Donated Books | Donated by V.T. Rajshekar |